SELECTED SHORT STORIES OF FRANZ KAFKA (Record no. 2945)
[ view plain ]
| 000 -LEADER | |
|---|---|
| fixed length control field | 00472cam a2200193ua 4500 |
| 008 - FIXED-LENGTH DATA ELEMENTS--GENERAL INFORMATION | |
| fixed length control field | 161026n1952 II |||gr||||Z||||||eng |
| 040 ## - CATALOGING SOURCE | |
| Original cataloging agency | MAIN |
| 041 ## - LANGUAGE CODE | |
| -- | English |
| 082 ## - DEWEY DECIMAL CLASSIFICATION NUMBER | |
| Classification number | 828 KAF |
| 100 ## - MAIN ENTRY--PERSONAL NAME | |
| Personal name | KAFKA, TRANZ. |
| 245 ## - TITLE STATEMENT | |
| Title | SELECTED SHORT STORIES OF FRANZ KAFKA |
| 250 ## - EDITION STATEMENT | |
| Edition statement | 1ST. |
| 260 ## - PUBLICATION, DISTRIBUTION, ETC. | |
| Place of publication, distribution, etc. | USA: |
| Name of publisher, distributor, etc. | RANDOM HOUSE, |
| Date of publication, distribution, etc. | 1952. |
| 300 ## - PHYSICAL DESCRIPTION | |
| Extent | 328: |
| Dimensions | 18CM. |
| 700 ## - ADDED ENTRY--PERSONAL NAME | |
| Personal name | KAFKA, TRANZ., |
| Relator term | AUTHOR. |
| 942 ## - ADDED ENTRY ELEMENTS (KOHA) | |
| Koha item type | Books |
| 653 ## - INDEX TERM--UNCONTROLLED | |
| Uncontrolled term | English miscellaneous writings |
| Withdrawn status | Lost status | Damaged status | Not for loan | Collection code | Home library | Current library | Shelving location | Date acquired | Full call number | Barcode | Date last seen | Copy number | Price effective from | Koha item type | Public note |
|---|---|---|---|---|---|---|---|---|---|---|---|---|---|---|---|
| REFENG | Central Library and Information Centre Sibsagar Girls College | Central Library and Information Centre Sibsagar Girls College | ENGLISH REFERENCE RACK | 07.03.1985 | 828 KAF | 11180 | 27.02.2020 | 1 | 27.02.2020 | Books | V |